Vista normal
Vista MARC
Entrada Nombre corporativo
Número de registros utilizados en: 7
001 - NÚMERO DE CONTROL
- Campo de control: 4982
003 - IDENTIFICADOR DE NÚMERO DE CONTROL
- Campo de control: ES-MaCES
005 - FECHA Y HORA DE LA ULTIMA MODIFICACION
- Campo de control: 19981120180000.0
008 - ELEMENTOS DE DATOS DE LONGITUD FIJA
- Campo de longitud fija: 981120 | azznnaabn || ana d
035 ## - NÚMERO DE CONTROL DEL SISTEMA
- Número de control del sistema: CES19980003924e
040 ## - FUENTE DE LA CATALOGACIÓN
- Agencia original de catalogación: ES-MaCES
- Idioma de catalogación: spa
- Agencia de transcripción: ES-MaCES
110 2# - ENCABEZAMIENTO--NOMBRE CORPORATIVO
- Nombre corporativo o de jurisdicción como elemento de entrada: Sociedad Asturiana de Estudios Económicos e Industriales
410 2# - TRAZADO VEÁSE--NOMBRE CORPORATIVO
- Nombre corporativo o de jurisdicción como elemento de entrada: Sadei
901 ## - CES. DATOS SIRTEX
- ID Sirtex (N5N8): 0001800000392
- 005BIS Sirtex: 199811201800MIG

